[Event "Bergamo op 17th"]
[Site "Bergamo"]
[Date "2018.07.14"]
[Round "3"]
[White "Canali, Andrea"]
[Black "Korneev, Oleg"]
[Result "0-1"]
[WhiteElo "1983"]
[BlackElo "2506"]
[PlyCount "42"]
[EventDate "2018.07.13"]
[EventType "swiss"]
[EventRounds "9"]
[EventCountry "ITA"]
[SourceTitle "EXT 2019"]
[Source "ChessBase"]
[SourceDate "2018.10.10"]
[SourceVersion "1"]
[SourceVersionDate "2018.10.10"]
[SourceQuality "1"]

1. Nf3 d5 2. c4 d4 3. b4 Bg4 4. Qb3 Bxf3 5. Qxf3 c6 6. g3 e5 7. a3 Nf6 8. d3 a5 9. b5 Qc7 10. bxc6 bxc6 11. Bg2 Bc5 12. h4 Ra6 13. Bh6 0-0 14. Qf5 Nbd7 15. g4 Ne8 16. Be4 Ndf6 17. Bxg7 Kxg7 18. g5 Nxe4 19. Qxe4 Qe7 20. Nd2 Nd6 21. Qg2 Rb6 0-1